00487nam a2200193 a 4500001001300000003000900013005001700022008004100039020001000080082001600090100001400106245004000120260003900160300000900199500003500208505001200243650002400255700001400279nice12345678IN_TiNIC20260116011303.0050524s1928 boma grp 000 0 fre  ac10000a297.29bLAM aLamens, H aL`Arabie Occidentale Avant L`Hegire aBombaybAkshara Publicationsc1928 a343p aincludes index and biblioraphy2 aIndices aOccidentalists-Arab1 aLamens, H